000 00806nas a2200253 4500
001 BR2010001979
003 BR-BrBNA
005 20231205114013.0
007 ta
008 230509b bl.|||p| |||| 00| 00por d
040 _aBR-BrBNA
_bpor
_cBiblioteca Nacional de Agricultura
041 _a(Pt)
072 _aF60
100 1 _aBorges, V.P.
100 1 _aOliveira, A.S. de
100 1 _aSilva, B.B. da
245 1 _aMapeamento e quantificação de parâmetros biofísicos e radiação líquida em área de algodoeiro irrigado
650 _aALGODÃO
650 _aRADIAÇÃO
650 _aBALANÇO DE ENERGIA
773 0 _tCiência e Agrotecnologia (Brazil)
_xISSN 1413-7054
_g(Mar-Apr 2010), v. 34(2) p. 485-493
_wBR2010001979
909 _a202311
_bLúcia
_c55
_dLúcia Elande
942 _2AGRIS
_n0
_cANA
999 _c206667
_d206667